| 000 | 00538nam a22001577a 4500 | ||
|---|---|---|---|
| 003 | OSt | ||
| 008 | 260602b |||||||| |||| 00| 0 eng d | ||
| 020 | _a9789353876258 | ||
| 082 |
_a664.07 _bS68A |
||
| 100 | _aSofi, Javid Ahmad | ||
| 245 |
_aAnalytical Techniques for Ensuring Food Safety _bby javid Ahmed Sofi |
||
| 260 |
_aNew Delhi: _bSatish Serial Publishing House, _c2025. |
||
| 300 | _avii, 256 p. | ||
| 650 | _a Technology (Applied Sciences) | Chemical and Related Technologies | Biochemistry | Food Technology | ||
| 942 |
_2ddc _cBK |
||
| 999 |
_c51154 _d51154 |
||